Państwa według długości sieci kolejowej - Statystyki

Ogólne statystyki
  • Ten quiz został rozwiązany 82 razy
  • Średni wynik to 18 z 20
Statystyki odpowiedzi
Państwo Długość sieci kolejowej % Poprawnych
Rosja 105 118 km
99%
Chiny 165 000 km
97%
Stany Zjednoczone 220 044 km
97%
Indie 70 117 km
95%
Kanada 49 422 km
95%
Polska 19 576 km
95%
Brazylia 29 817 km
93%
Francja 27 483 km
93%
Japonia 27 311 km
92%
Niemcy 33 351 km
92%
Argentyna 17 866 km
91%
Hiszpania 16 355 km
91%
Meksyk 23 389 km
89%
Włochy 24 567 km
86%
Wielka Brytania 16 179 km
85%
Australia 32 924 km
84%
Ukraina 19 787 km
84%
Republika Południowej Afryki 20 953 km
77%
Iran 16 998 km
70%
Rumunia 20 077 km
55%
Nie znaleziono quizów pasujących do podanych kryteriów
Rozkład punktacji
Procent ludzi z każdym wynikiem
Percentyl według liczby udzielonych odpowiedzi
Twoja historia wyników
Nie rozwiązałeś tego quizu